000
00266nam a22001217a 4500
020
_q
HB.
040
_c
FIZZA ISHAQ
082
_a
388.4
_b
NAC
245
_a
GLOBAL STREET DESIGN /
_c
NACTO.
260
_a
ISLAND PRESS ;
_c
2016.
300
_a
396 P. ;
942
_2
ddc
_c
BK
999
_c
588865
_d
588865